000 00337nam a22001457a 4500
008 181011b xxu||||| |||| 00| 0 eng d
020 _a030642536X
041 _aeng
080 _a159.9
_b159.9 LAH
082 _a159.9
100 _a48
101 _aPSI
245 _aAdvances in clinical child psychology
_cLAH. B.B
942 _2udc
_cBK
999 _c49341
_d49341